| 000 | 00549nam a22001937a 4500 | ||
|---|---|---|---|
| 003 | OSt | ||
| 005 | 20150526173338.0 | ||
| 008 | 150526s2015 spc || 000 f spa|d | ||
| 020 | _a9788426402042 | ||
| 040 |
_bcat _cCDMR |
||
| 100 | 1 |
_aEco, Umberto _9160 |
|
| 240 | 1 | 0 |
_aNumero zero. _lCastellà |
| 245 | 1 | 0 |
_aNúmero cero _cUmberto Eco ; traducción de Helena Lozano Miralles |
| 260 |
_aBarcelona _bLumen _c2015 |
||
| 300 |
_a218 p. ; _c24 cm |
||
| 534 | _aTítol original: Numero zero | ||
| 700 | 1 |
_aLozano Miralles, Helena, _etrad. |
|
| 942 | _cMON | ||
| 999 |
_c6853 _d6853 |
||